000 00741nam a22002535i 4500
001 18265153
003 SISC
005 20191118103550.0
008 140812s2014 mau 000 0 eng
010 _a 2014948439
020 _a9780128002582
040 _aDLC
_beng
_erda
_cDLC
042 _apcc
050 _aRC 387.5
_b.P424 2015
100 1 _aPepping, Mary.
245 1 0 _aSuccessful practice in neuropsychology and neuro-rehabilitation /
_cMary Pepping.
260 _aAmsterdam :
_bElsevier,
_c2015.
263 _a1411
300 _axxii, 294 pages ;
_c23 cm.
500 _aIncludes bibliographical references and index.
906 _a0
_bibc
_corignew
_d2
_eepcn
_f20
_gy-gencatlg
942 _2lcc
_cBK
999 _c300978
_d300978